| 000 | 00713nam a2200241Ia 4500 | ||
|---|---|---|---|
| 003 | OSt | ||
| 005 | 20220930200058.0 | ||
| 006 | a|||||r|||| 00| 0 | ||
| 007 | ta | ||
| 008 | 220926b |||||||| |||| 00| 0 hin d | ||
| 024 | _a19963 | ||
| 037 | _cDissertations | ||
| 040 |
_aCRL _cCRL _bhin |
||
| 041 |
_2hin _ahin |
||
| 100 |
_aMishr Rama Kant _9564629 |
||
| 110 | _aUniversity of Delhi. Faculty of Arts. Department of Buddhist Studies | ||
| 245 | 0 | _aJatak sahitya ka chini sahitya aur kala par parbhav | |
| 260 | _c1978 | ||
| 650 | _aBUDDHISM | ||
| 700 | _aUniversity of Delhi. Faculty of Arts. Department of Buddhist Studies | ||
| 942 |
_cDIS _2CC |
||
| 999 |
_c900120 _d900120 |
||